Statistics for Country Chain

Click here to take the quiz!

General Stats

  • This quiz has been taken 134 times
  • The average score is 21 of 28

Answer Stats

Hint Answer % Correct
Indian Ocean island nationM
98%
A
98%
Country famous for its canalP
97%
A
97%
N
97%
Country famous for GauchosA
82%
R
82%
A
77%
Tiny island nation west of KiribatiN
77%
I
72%
T
72%
N
72%
G
72%
E
72%
Country containing Sakhalin islandR
69%
U
69%
S
68%
I
68%
A
68%
C
65%
S
65%
G
65%
A
65%
D
65%
U
65%

Score Distribution

Percentile by Number Answered

Percent of People with Each Score

Your Score History

You have not taken this quiz